Normal view
MARC view
- رمزي، عبد القادر هاشم
Entry Personal Name
001 - CONTROL NUMBER
- control field: 35539
003 - CONTROL NUMBER IDENTIFIER
- control field: JO-AjAnu
005 - DATE AND TIME OF LATEST TRANSACTION
- control field: 20230606075937.0
008 - FIXED-LENGTH DATA ELEMENTS
- fixed length control field: 230606|| aca||aabn | a|a d
040 ## - CATALOGING SOURCE
- Original cataloging agency: JO-AjAnu
- Transcribing agency: JO-AjAnu
100 ## - HEADING--PERSONAL NAME
- Personal name: رمزي، عبد القادر هاشم
670 ## - SOURCE DATA FOUND
- Source citation: Work cat.: (JO-AjAnu)18251: رمزي، عبد القادر هاشم, author, في الإدارة المدرسية والإشراف التربوي